00713nam a2200217 a 450000500170000000800410001702000150005805000280007324501470010126000350024830000340028352100090031765000210032665000230034770000190037070000260038970000180041570000190043370000240045270000190047620140311163008.0050706s19uu xx 00 eng d a0321127455 aLB 2343.32 b.C697 2004 aCollege & career success :bsimplified /cHarry J. Bury, Susanne M. Alexander, Eileen Teare, George Eppley, Anita Dixon Eppley, Judith Cauley. bPearson Education Inc,cc2004. a123 p. :bcol. ill. ;c25 cm. aBSBA aTime management. aStress management. aBury, Harry J. aAlexander, Susanne M. aTeare, Eileen aEppley, George aEppley, Anita Dixon aCauley, Judith